| 000 | 01262cam a2200325 a 4500 | ||
|---|---|---|---|
| 999 |
_c232797 _d232797 |
||
| 001 | 3527107 | ||
| 003 | Nust | ||
| 005 | 20180117090024.0 | ||
| 008 | 961108s1997 ctua b 001 0 eng | ||
| 010 | _a 96048066 | ||
| 020 | _a1565490711 (cloth : alk. paper) | ||
| 020 | _a1565490703 (pbk. : alk. paper) | ||
| 040 |
_aDLC _cDLC _dDLC |
||
| 050 | 0 | 0 |
_aH97 _b.T87 1997 |
| 082 | 0 | 0 |
_a338.9 _221 |
| 100 | 1 |
_aTurner, Mark, _d1949- |
|
| 245 | 1 | 0 |
_aGovernance, administration, and development : _bmaking the state work / _cMark Turner and David Hulme. |
| 260 |
_aWest Hartford, Conn., USA : _bKumarian Press, _c1997. |
||
| 300 |
_axv, 272 p. : _bill. ; _c23 cm. |
||
| 440 | 0 | _aKumarian Press books on international development | |
| 504 | _aIncludes bibliographical references (p. 242-259) and index. | ||
| 650 | 0 | _aPolicy sciences. | |
| 650 | 0 | _aPublic administration. | |
| 650 | 0 | _aEconomic development. | |
| 700 | 1 | _aHulme, David. | |
| 906 |
_a7 _bcbc _corignew _d1 _eocip _f19 _gy-gencatlg |
||
| 942 |
_2ddc _cBK |
||